[Event "Bundesliga 2223"]
[Site "Germany"]
[Date "2022.11.27"]
[Round "4.8"]
[White "Heinemann, Thies"]
[Black "Tischbierek, Raj"]
[Result "1/2-1/2"]
[WhiteElo "2484"]
[BlackElo "2423"]
[PlyCount "101"]
[EventDate "2022.10.21"]
[EventType "team-tourn"]
[EventRounds "15"]
[EventCountry "GER"]
[SourceTitle "CBM 211"]
[Source "ChessBase"]
[SourceDate "2022.12.31"]
[SourceVersion "1"]
[SourceVersionDate "2022.12.31"]
[SourceQuality "1"]
[WhiteTeam "Hamburger SK"]
[BlackTeam "Dresden TU"]
[WhiteTeamCountry "GER"]
[BlackTeamCountry "GER"]

1. e4 c5 2. Nf3 e6 3. g3 Nc6 4. Bg2 Nf6 5. Qe2 e5 6. 0-0 Be7 7. c3 0-0 8. Rd1 d5 9. exd5 Qxd5 10. d3 Bf5 11. Nh4 Bg4 12. Qxg4 Qxg2+ 13. Nxg2 Nxg4 14. f3 Nf6 15. a4 Rfd8 16. Na3 Rd7 17. Nc4 Rad8 18. Ne1 Nd5 19. Kf2 Nb6 20. Nxb6 axb6 21. b3 f5 22. Ke2 Bf6 23. Bd2 h5 24. Rac1 Kf7 25. Be3 g5 26. h3 f4 27. Bf2 Ne7 28. g4 Nd5 29. c4 Nb4 30. a5 bxa5 31. Bxc5 Nc6 32. Nc2 Be7 33. Bf2 b6 34. Bxb6 Rb8 35. Bf2 Rxb3 36. Ra1 Rb2 37. Rd2 Bf6 38. Ra3 Kg6 39. Ne1 Rxd2+ 40. Kxd2 Be7 41. Ra1 hxg4 42. hxg4 Bb4+ 43. Ke2 Bxe1 44. Bxe1 Nd4+ 45. Kf2 Rh7 46. Rxa5 Rh2+ 47. Kf1 Nxf3 48. Bf2 Nd2+ 49. Kg1 Nf3+ 50. Kf1 Nd2+ 51. Kg1 1/2-1/2

[Event "Bodensee op"]
[Site "Bregenz"]
[Date "2022.05.26"]
[Round "6"]
[White "Matt, Fabian"]
[Black "Tischbierek, Raj"]
[Result "1/2-1/2"]
[WhiteElo "2252"]
[BlackElo "2431"]
[PlyCount "121"]
[EventDate "2022.05.21"]
[EventType "swiss"]
[EventRounds "9"]
[EventCountry "AUT"]
[SourceTitle "CBM 208 Extra"]
[Source "ChessBase"]
[SourceDate "2022.07.31"]
[SourceVersion "1"]
[SourceVersionDate "2022.07.31"]
[SourceQuality "1"]

1. d4 Nf6 2. c4 e6 3. Nf3 b6 4. g3 Ba6 5. Qc2 Bb7 6. Bg2 c5 7. 0-0 cxd4 8. Nxd4 Bxg2 9. Kxg2 Qc8 10. Bf4 a6 11. Rd1 Be7 12. Nf3 b5 13. Rc1 bxc4 14. Nbd2 d5 15. e4 0-0 16. exd5 exd5 17. Nd4 Nc6 18. N2f3 Nb4 19. Qe2 Re8 20. Ne1 Bd6 21. Qf3 Bxf4 22. Qxf4 Re4 23. Qd6 Qb8 24. Qxb8+ Rxb8 25. Rd1 Nd3 26. Nxd3 cxd3 27. Rxd3 Rxb2 28. Rc1 Rxa2 29. Rc8+ Re8 30. Rxe8+ Nxe8 31. Nc6 Nf6 32. Ne7+ Kf8 33. Nxd5 Ng4 34. Rf3 a5 35. h3 Ne5 36. Rb3 g6 37. g4 h6 38. Kg3 Rd2 39. Rb5 a4 40. Nb6 Rd3+ 41. Kg2 Rb3 42. Rxe5 Rxb6 43. Ra5 Rb4 44. Ra7 g5 45. Kg3 Rf4 46. h4 Ke8 47. Ra6 f6 48. Ra7 Rc4 49. f3 Kf8 50. Kh3 Rc3 51. Rxa4 Rxf3+ 52. Kg2 Re3 53. hxg5 hxg5 54. Ra7 Re7 55. Ra3 Kf7 56. Kf3 Rd7 57. Re3 Rd4 58. Ra3 Ke6 59. Rb3 Kd5 60. Ra3 Rf4+ 61. Kg3 1/2-1/2

[Event "Bodensee op"]
[Site "Bregenz"]
[Date "2022.05.23"]
[Round "3"]
[White "Tischbierek, Raj"]
[Black "Felgendreher, Heiko"]
[Result "1-0"]
[WhiteElo "2431"]
[BlackElo "2138"]
[PlyCount "55"]
[EventDate "2022.05.21"]
[EventType "swiss"]
[EventRounds "9"]
[EventCountry "AUT"]
[SourceTitle "CBM 208 Extra"]
[Source "ChessBase"]
[SourceDate "2022.07.31"]
[SourceVersion "1"]
[SourceVersionDate "2022.07.31"]
[SourceQuality "1"]

1. e4 c5 2. Nf3 d6 3. Nc3 Nf6 4. d4 cxd4 5. Qxd4 Nc6 6. Qd3 Bg4 7. h3 Bh5 8. Bg5 Bxf3 9. Qxf3 e6 10. Bxf6 Qxf6 11. Qxf6 gxf6 12. Bc4 0-0-0 13. f4 f5 14. exf5 d5 15. Bd3 Bc5 16. Rf1 h5 17. 0-0-0 Rhg8 18. fxe6 fxe6 19. Rde1 Nb4 20. Rxe6 Nxd3+ 21. cxd3 Rxg2 22. Re5 Bd4 23. Rxh5 Be3+ 24. Kb1 d4 25. Ne4 Kb8 26. f5 Rc8 27. f6 Rgc2 28. a3 1-0

[Event "Bundesliga 1920"]
[Site "Germany"]
[Date "2021.10.15"]
[Round "11.5"]
[White "Wagner, Dennis"]
[Black "Tischbierek, Raj"]
[Result "1-0"]
[WhiteElo "2573"]
[BlackElo "2441"]
[PlyCount "73"]
[EventDate "2019.11.23"]
[EventType "team-tourn"]
[EventRounds "15"]
[EventCountry "GER"]
[SourceTitle "EXT 2022"]
[Source "ChessBase"]
[SourceDate "2021.10.06"]
[SourceVersion "1"]
[SourceVersionDate "2021.10.06"]
[SourceQuality "1"]
[WhiteTeam "Hockenheim"]
[BlackTeam "Dresden TU"]
[WhiteTeamCountry "GER"]
[BlackTeamCountry "GER"]

1. e4 c5 2. Nf3 Nf6 3. e5 Nd5 4. Nc3 Nxc3 5. dxc3 Nc6 6. Bf4 Qb6 7. b3 e6 8. Qd2 Qc7 9. h4 b6 10. Rd1 Bb7 11. Rh3 h6 12. Be2 0-0-0 13. Bh2 Be7 14. h5 Rhe8 15. Kf1 Bf8 16. Qd3 Kb8 17. Kg1 a6 18. a4 Ka7 19. Rh4 Ka8 20. Rg4 Ka7 21. Bf1 Qc8 22. Rf4 f6 23. exf6 e5 24. f7 Re7 25. Re4 d6 26. b4 Rdd7 27. a5 Qd8 28. axb6+ Qxb6 29. bxc5 Qxc5 30. Nd2 Rxf7 31. Bg3 d5 32. Ra4 Bd6 33. Rxa6+ Kb8 34. Rb1 e4 35. Bxd6+ Rxd6 36. Qg3 e3 37. Nb3 1-0

[Event "Bodensee op"]
[Site "Bregenz"]
[Date "2019.05.29"]
[Round "5"]
[White "Tischbierek, Raj"]
[Black "Kolbus, Dietmar"]
[Result "1/2-1/2"]
[WhiteElo "2428"]
[BlackElo "2278"]
[PlyCount "67"]
[EventDate "2019.05.25"]
[EventType "swiss"]
[EventRounds "9"]
[EventCountry "AUT"]
[SourceTitle "CBM 190 Extra"]
[Source "ChessBase"]
[SourceDate "2019.07.15"]
[SourceVersion "1"]
[SourceVersionDate "2019.07.15"]
[SourceQuality "1"]

1. Nf3 d5 2. c4 c6 3. e3 Nf6 4. Nc3 g6 5. d4 Bg7 6. Be2 0-0 7. 0-0 b6 8. b3 Bb7 9. Bb2 Nbd7 10. Qc2 Rc8 11. Rfd1 Qc7 12. Rac1 Qb8 13. Ne5 dxc4 14. Nxc4 Nd5 15. e4 Nxc3 16. Bxc3 Nf6 17. f3 Rfd8 18. Bf1 Ne8 19. Qf2 c5 20. e5 cxd4 21. Bxd4 Nc7 22. f4 Ne6 23. Be3 Rxd1 24. Rxd1 Nc5 25. Qe1 Rd8 26. Rxd8+ Qxd8 27. Bxc5 bxc5 28. Qe3 Qc7 29. Be2 Bc8 30. Qe4 Bb7 31. Qd3 Ba6 32. Qd5 Bb7 33. Qd3 Ba6 34. Qd5 1/2-1/2

[Event "Bodensee op"]
[Site "Bregenz"]
[Date "2019.05.28"]
[Round "4"]
[White "Epishin, Vladimir"]
[Black "Tischbierek, Raj"]
[Result "1/2-1/2"]
[WhiteElo "2573"]
[BlackElo "2428"]
[PlyCount "94"]
[EventDate "2019.05.25"]
[EventType "swiss"]
[EventRounds "9"]
[EventCountry "AUT"]
[SourceTitle "CBM 190 Extra"]
[Source "ChessBase"]
[SourceDate "2019.07.15"]
[SourceVersion "1"]
[SourceVersionDate "2019.07.15"]
[SourceQuality "1"]

1. c4 Nf6 2. Nc3 e5 3. g3 Bb4 4. Bg2 Bxc3 5. dxc3 d6 6. e4 b6 7. Qe2 Bb7 8. Nh3 0-0 9. 0-0 Nbd7 10. f3 Qe7 11. b3 a5 12. Nf2 a4 13. Be3 axb3 14. axb3 Rxa1 15. Rxa1 Ra8 16. Rxa8+ Bxa8 17. Bf1 Bb7 18. Nd1 Qd8 19. Bc1 Qa8 20. Ne3 Qa1 21. Qc2 g6 22. b4 c5 23. h4 Kf8 24. Kh2 h5 25. Qd2 Ke7 26. Nc2 Qa2 27. Na3 Qxd2+ 28. Bxd2 Ne8 29. Bd3 Ng7 30. Nc2 f5 31. Bg5+ Kf7 32. exf5 gxf5 33. Be2 Nf6 34. Ne3 Kg6 35. Bxf6 Kxf6 36. f4 Kg6 37. Bd3 Kf6 38. Bc2 Bc6 39. Kg1 exf4 40. gxf4 Ne6 41. Nxf5 Nxf4 42. Nxd6 Ne2+ 43. Kf2 Nxc3 44. b5 Bd7 45. Ke3 Be6 46. Kf4 Ne2+ 47. Ke4 Nc3+ 1/2-1/2

[Event "WchT Seniors 50"]
[Site "Rhodes"]
[Date "2019.04.19"]
[Round "4.5"]
[White "Frostick, Clive A"]
[Black "Tischbierek, Raj"]
[Result "1/2-1/2"]
[WhiteElo "2121"]
[BlackElo "2435"]
[PlyCount "73"]
[EventDate "2019.04.16"]
[EventType "team-swiss"]
[EventRounds "9"]
[EventCountry "GRE"]
[SourceTitle "CBM 190 Extra"]
[Source "ChessBase"]
[SourceDate "2019.07.15"]
[SourceVersion "1"]
[SourceVersionDate "2019.07.15"]
[SourceQuality "1"]
[WhiteTeam "England II"]
[BlackTeam "Germany"]
[WhiteTeamCountry "ENG"]
[BlackTeamCountry "GER"]

1. e4 c5 2. Nf3 d6 3. Bb5+ Nd7 4. c3 Ngf6 5. Qe2 a6 6. Ba4 b5 7. Bc2 Ne5 8. Nxe5 dxe5 9. a4 Bd7 10. axb5 axb5 11. Rxa8 Qxa8 12. d3 e6 13. Nd2 Be7 14. Nf3 Qb8 15. 0-0 0-0 16. Bg5 Re8 17. Rd1 Qc7 18. h3 g6 19. Qe3 Bc8 20. g4 Nd7 21. Bxe7 Rxe7 22. d4 cxd4 23. cxd4 Qxc2 24. Rc1 Qxb2 25. Rxc8+ Kg7 26. Rc7 Qa1+ 27. Kg2 Qa5 28. Qc1 Qa8 29. dxe5 Qxe4 30. Qc6 Qxc6 31. Rxc6 Kf8 32. Rc8+ Re8 33. Rc7 Rd8 34. Rb7 Ke8 35. Rxb5 Rb8 36. Rxb8+ Nxb8 37. Ng5 1/2-1/2

[Event "Bundesliga 1819"]
[Site "Germany"]
[Date "2019.03.01"]
[Round "9.6"]
[White "Tischbierek, Raj"]
[Black "Jakubowski, Krzysztof"]
[Result "0-1"]
[WhiteElo "2432"]
[BlackElo "2510"]
[PlyCount "120"]
[EventDate "2018.11.10"]
[EventType "team-tourn"]
[EventRounds "15"]
[EventCountry "GER"]
[SourceTitle "CBM 189 Extra"]
[Source "ChessBase"]
[SourceDate "2019.06.03"]
[SourceVersion "1"]
[SourceVersionDate "2019.06.03"]
[SourceQuality "1"]
[WhiteTeam "Dresden TU"]
[BlackTeam "Berlin SF"]
[WhiteTeamCountry "GER"]
[BlackTeamCountry "GER"]

1. e4 c5 2. Nf3 e6 3. d4 cxd4 4. Nxd4 Nc6 5. Nc3 Qc7 6. Be2 Nf6 7. 0-0 a6 8. a4 h5 9. h3 Nxd4 10. Qxd4 Bc5 11. Qd3 b6 12. Be3 Bb7 13. Rad1 Rc8 14. Bg5 Bb4 15. Bxf6 gxf6 16. Na2 Be7 17. c4 h4 18. Nc3 Rg8 19. Bg4 Bb4 20. Na2 Bc5 21. Rfe1 Rd8 22. b4 Be7 23. Re2 Rg5 24. Rde1 Qf4 25. Qe3 Bd6 26. Qxf4 Bxf4 27. Nc1 Be5 28. Nd3 a5 29. Nxe5 fxe5 30. Rb2 Bc6 31. Re3 Ke7 32. Bf3 Rgg8 33. Rc3 Rc8 34. Kf1 Rc7 35. Ke1 axb4 36. Rxb4 Ra8 37. Ra3 Rca7 38. Bd1 Ra6 39. f3 Kd6 40. Rb2 Kc5 41. Rd3 Rg8 42. Kf2 f6 43. Rbd2 Rg7 44. Ke3 Ra8 45. Ra2 Rg3 46. Kf2 Rag8 47. Kf1 f5 48. exf5 exf5 49. a5 e4 50. Rb3 b5 51. cxb5 Bxb5+ 52. Be2 Bc6 53. Rc2+ Kd4 54. Rb4+ Ke5 55. Bb5 Ba8 56. f4+ Kxf4 57. Bxd7 Ra3 58. Rf2+ Kg3 59. Rxf5 Kh2 60. Rb2 Rgg3 0-1

[Event "Bundesliga 1718"]
[Site "Germany"]
[Date "2018.04.29"]
[Round "13.5"]
[White "Werle, Jan"]
[Black "Tischbierek, Raj"]
[Result "1/2-1/2"]
[WhiteElo "2526"]
[BlackElo "2434"]
[PlyCount "119"]
[EventDate "2017.10.21"]
[EventType "team-tourn"]
[EventRounds "15"]
[EventCountry "GER"]
[SourceTitle "CBM 184"]
[Source "ChessBase"]
[SourceDate "2018.05.16"]
[SourceVersion "1"]
[SourceVersionDate "2018.05.16"]
[SourceQuality "1"]
[WhiteTeam "Werder Bremen"]
[BlackTeam "Dresden"]
[WhiteTeamCountry "GER"]
[BlackTeamCountry "GER"]

1. d4 d6 2. Nf3 Bg4 3. Nbd2 Nd7 4. h3 Bh5 5. e4 e5 6. c3 c6 7. Bd3 Be7 8. 0-0 Ngf6 9. Re1 0-0 10. Nf1 Re8 11. Ng3 Bg6 12. Bc2 Bf8 13. Nh4 d5 14. Nxg6 hxg6 15. Bg5 exd4 16. Qxd4 Bc5 17. Qd2 Qc7 18. Bf4 Bd6 19. Bxd6 Qxd6 20. Rad1 Qc7 21. exd5 Nxd5 22. Ne4 N7f6 23. Ng5 Rxe1+ 24. Rxe1 Re8 25. Rxe8+ Nxe8 26. Bb3 Nef6 27. g3 a6 28. h4 Qe7 29. Qd4 Kf8 30. Qa7 Ne8 31. Bxd5 cxd5 32. Qb6 Nf6 33. Kf1 Qd7 34. Ke2 Kg8 35. b3 Ne4 36. Nxe4 dxe4 37. Qd4 Qg4+ 38. Kd2 Kh7 39. Qe3 Qd7+ 40. Kc2 f5 41. c4 Qd6 42. c5 Qe5 43. Qc3 Qd5 44. a4 a5 45. Kb2 Qd1 46. Qe3 Kh8 47. Kc3 Qa1+ 48. Kc4 Qf1+ 49. Kd5 Qd3+ 50. Ke6 Kh7 51. Ke5 Qd1 52. h5 Qa1+ 53. Kd6 Qf6+ 54. Kc7 Qc6+ 55. Kb8 gxh5 56. Qg5 Qxc5 57. Qxh5+ Kg8 58. Kxb7 Qxf2 59. Qe8+ Kh7 60. Qh5+ 1/2-1/2

[Event "Bundesliga 1617"]
[Site "Germany"]
[Date "2016.12.04"]
[Round "6.8"]
[White "Tischbierek, Raj"]
[Black "Fruebing, Stefan"]
[Result "1/2-1/2"]
[WhiteElo "2454"]
[BlackElo "2381"]
[PlyCount "111"]
[EventDate "2016.10.15"]
[EventType "team-tourn"]
[EventRounds "15"]
[EventCountry "GER"]
[SourceTitle "CBM 176"]
[Source "ChessBase"]
[SourceDate "2017.01.17"]
[SourceVersion "1"]
[SourceVersionDate "2017.01.17"]
[SourceQuality "1"]
[WhiteTeam "Dresden"]
[BlackTeam "Koenig Tegel"]
[WhiteTeamCountry "GER"]
[BlackTeamCountry "GER"]

1. e4 c5 2. Nc3 Nc6 3. g3 g6 4. Bg2 Bg7 5. d3 d6 6. Be3 e6 7. Qd2 Rb8 8. Nge2 Nd4 9. Nc1 Ne7 10. Nd1 0-0 11. c3 Ndc6 12. h4 Ne5 13. Bh6 Bxh6 14. Qxh6 f6 15. d4 cxd4 16. cxd4 Nf7 17. Qd2 e5 18. 0-0 Qb6 19. Ne2 Bg4 20. Ndc3 Rbc8 21. Kh2 Kg7 22. f3 Be6 23. Bh3 Bxh3 24. Kxh3 Rfd8 25. d5 Rc4 26. Kg2 Rdc8 27. h5 Qc7 28. Rfc1 Qd7 29. Qe3 b5 30. hxg6 hxg6 31. Nd1 Rc2 32. Qd3 R2c5 33. Rc3 Rxc3 34. Nexc3 b4 35. Ne2 Qa4 36. Ne3 Rc5 37. a3 Nc8 38. Kf2 a5 39. b3 Qb5 40. Qxb5 Rxb5 41. axb4 axb4 42. Nc4 Nb6 43. Ra5 Rxa5 44. Nxa5 f5 45. Nc1 fxe4 46. fxe4 Nd7 47. Nb7 Kf6 48. Nd3 Ke7 49. Ke3 Ng5 50. Na5 Nf6 51. Nf2 Nd7 52. Nb7 Nf6 53. g4 Nd7 54. Kd3 Nf6 55. Na5 Nd7 56. Nb7 1/2-1/2

[Event "WchT Seniors 50"]
[Site "Radebeul"]
[Date "2016.07.03"]
[Round "8.1"]
[White "Paehtz, Thomas Sr"]
[Black "Tischbierek, Raj"]
[Result "0-1"]
[WhiteElo "2361"]
[BlackElo "2439"]
[PlyCount "163"]
[EventDate "2016.06.26"]
[EventType "team-swiss"]
[EventRounds "9"]
[EventCountry "GER"]
[SourceTitle "CBM 173 Extra"]
[Source "ChessBase"]
[SourceDate "2016.08.29"]
[SourceVersion "1"]
[SourceVersionDate "2016.08.29"]
[SourceQuality "1"]
[WhiteTeam "Lasker Gesellschaft"]
[BlackTeam "Germany"]
[WhiteTeamCountry "GER"]
[BlackTeamCountry "GER"]

1. e4 c5 2. Nf3 e6 3. d4 cxd4 4. Nxd4 Nf6 5. Nc3 d6 6. g4 h6 7. h4 h5 8. gxh5 Nxh5 9. Bg5 Nf6 10. Qf3 Nbd7 11. 0-0-0 a6 12. Qg2 Qc7 13. Be2 Rb8 14. f4 b5 15. Bf3 Bb7 16. Rhe1 Qc4 17. Kb1 b4 18. Nd5 exd5 19. exd5+ Kd8 20. Nc6+ Kc7 21. Rd4 Qc5 22. Qf1 Nb6 23. Bxf6 gxf6 24. Nxb8 Kxb8 25. Rde4 Bh6 26. Re8+ Rxe8 27. Rxe8+ Ka7 28. f5 Bf4 29. Re4 Nxd5 30. Rc4 Ne3 31. Rxc5 Nxf1 32. Rc7 Nd2+ 33. Ka1 Nxf3 34. Rxf7 Nxh4 35. Rxf6 Be4 36. Rf7+ Kb6 37. f6 Bxc2 38. Re7 Bg6 39. f7 Bxf7 40. Rxf7 Be5 41. Kb1 Ng2 42. Kc2 Ne3+ 43. Kd3 Nd1 44. b3 Nc3 45. Rf2 Kb5 46. Rg2 a5 47. Rf2 Nd5 48. Rf8 Nc3 49. Rf2 a4 50. Rg2 a3 51. Rf2 Kc5 52. Rg2 Kd5 53. Rf2 Ne4 54. Re2 Nc5+ 55. Kc2 Bb2 56. Rh2 Ne6 57. Rh4 Nd4+ 58. Kb1 Kc5 59. Rh5+ Kb6 60. Rh4 Ka5 61. Rh5+ Nb5 62. Kc2 Kb6 63. Rh4 Bd4 64. Kd3 Kc5 65. Rf4 d5 66. Rf8 Bb2 67. Rc8+ Kb6 68. Rb8+ Kc6 69. Kc2 Nc3 70. Rxb4 Nxa2 71. Ra4 Nc3 72. Ra8 Nb5 73. Rc8+ Kb6 74. Kb1 Ka5 75. Rb8 Kb4 76. Kc2 Be5 77. Ra8 Nd4+ 78. Kb1 Kxb3 79. Ra5 Nc6 80. Ra6 Nb4 81. Ra5 Bc7 82. Ka1 0-1

[Event "WchT Seniors 50"]
[Site "Radebeul"]
[Date "2016.06.28"]
[Round "3.4"]
[White "Heinemann, Lars"]
[Black "Tischbierek, Raj"]
[Result "0-1"]
[WhiteElo "2040"]
[BlackElo "2439"]
[PlyCount "76"]
[EventDate "2016.06.26"]
[EventType "team-swiss"]
[EventRounds "9"]
[EventCountry "GER"]
[SourceTitle "CBM 173 Extra"]
[Source "ChessBase"]
[SourceDate "2016.08.29"]
[SourceVersion "1"]
[SourceVersionDate "2016.08.29"]
[SourceQuality "1"]
[WhiteTeam "Werder Bremen"]
[BlackTeam "Germany"]
[WhiteTeamCountry "GER"]
[BlackTeamCountry "GER"]

1. Nc3 g6 2. e4 Bg7 3. f4 c5 4. Nf3 Nc6 5. Bb5 Nd4 6. a4 e6 7. 0-0 Ne7 8. Nxd4 cxd4 9. Ne2 0-0 10. c3 a6 11. Bd3 Nc6 12. Bc2 d5 13. d3 Bd7 14. Kh1 f5 15. Bd2 Rc8 16. e5 dxc3 17. Bxc3 Rf7 18. a5 Bf8 19. Qd2 Bc5 20. d4 Bf8 21. Nc1 Na7 22. Bd3 Bb5 23. Ne2 Rfc7 24. Rfc1 Qd7 25. Kg1 Bc4 26. Bxc4 Rxc4 27. Kf2 Qb5 28. h3 Be7 29. g3 Kf7 30. Rh1 h6 31. Kg2 R4c7 32. Rhf1 Rc4 33. Rh1 Ra4 34. Kf2 Nc6 35. Rhb1 Bd8 36. Rxa4 Qxa4 37. b4 Qb5 38. Ke3 Nxa5 0-1

[Event "AUT-chT 1516"]
[Site "Austria"]
[Date "2016.02.26"]
[Round "6.5"]
[White "Tischbierek, Raj"]
[Black "Renner, Christoph"]
[Result "1-0"]
[WhiteElo "2433"]
[BlackElo "2337"]
[PlyCount "111"]
[EventDate "2015.11.05"]
[EventType "team-tourn"]
[EventRounds "11"]
[EventCountry "AUT"]
[SourceTitle "EXT 2017"]
[Source "ChessBase"]
[SourceDate "2016.10.25"]
[SourceVersion "1"]
[SourceVersionDate "2016.10.25"]
[SourceQuality "1"]
[WhiteTeam "Salzburg Royal"]
[BlackTeam "Sauwald"]
[WhiteTeamCountry "AUT"]
[BlackTeamCountry "AUT"]

1. g3 d5 2. Bg2 e5 3. d3 c6 4. Nf3 Nd7 5. 0-0 Ngf6 6. e4 dxe4 7. dxe4 Bc5 8. Nbd2 0-0 9. b3 Re8 10. Bb2 b6 11. h3 a5 12. Re1 Ba6 13. a3 b5 14. Nf1 Qb6 15. Ne3 Rad8 16. Nd2 Bd4 17. c3 Bxe3 18. Rxe3 Nc5 19. b4 Nb3 20. Qxb3 Rxd2 21. bxa5 Qxa5 22. Bc1 Rd6 23. Re1 Qa4 24. Qb4 Rd1 25. Bg5 Rxe1+ 26. Rxe1 Qxb4 27. axb4 Bc8 28. Rd1 Be6 29. f4 Nh5 30. f5 Bb3 31. Rd6 Nxg3 32. Kf2 Nh5 33. Rxc6 h6 34. Be3 Ra8 35. Rd6 Nf6 36. Rd2 Bc4 37. Bf3 Kh7 38. Rd6 Ra2+ 39. Bd2 Ra1 40. Bg2 Ra2 41. Bf3 Ra8 42. Be3 Kg8 43. Kg3 Rc8 44. Bb6 Kh7 45. Kf2 Bb3 46. Bc5 Bc2 47. Ke3 Ra8 48. Rd2 Bb1 49. Bd6 Ne8 50. Bxe5 f6 51. Bf4 Rc8 52. Bh5 Rxc3+ 53. Kf2 Rc8 54. Bg6+ Kg8 55. Kf3 Bc2 56. Bxe8 1-0

[Event "AUT-chT 1516"]
[Site "Austria"]
[Date "2016.02.25"]
[Round "5.2"]
[White "Deglmann, Ludwig"]
[Black "Tischbierek, Raj"]
[Result "0-1"]
[WhiteElo "2356"]
[BlackElo "2433"]
[PlyCount "66"]
[EventDate "2015.11.05"]
[EventType "team-tourn"]
[EventRounds "11"]
[EventCountry "AUT"]
[SourceTitle "EXT 2017"]
[Source "ChessBase"]
[SourceDate "2016.10.25"]
[SourceVersion "1"]
[SourceVersionDate "2016.10.25"]
[SourceQuality "1"]
[WhiteTeam "Absam"]
[BlackTeam "Salzburg Royal"]
[WhiteTeamCountry "AUT"]
[BlackTeamCountry "AUT"]

1. d4 d5 2. c4 c6 3. Nf3 Nf6 4. Nc3 dxc4 5. a4 Na6 6. e3 Bg4 7. Bxc4 e6 8. 0-0 Nb4 9. a5 Be7 10. h3 Bh5 11. Qe2 0-0 12. Rd1 b5 13. axb6 axb6 14. Rxa8 Qxa8 15. e4 Rd8 16. Bf4 Qb7 17. g4 Bg6 18. Ne5 b5 19. Bb3 c5 20. Nxg6 hxg6 21. Qxb5 Qxb5 22. Nxb5 Nxe4 23. f3 Nf6 24. dxc5 Bxc5+ 25. Kf1 Rxd1+ 26. Bxd1 Nd3 27. Bd2 Nxb2 28. Bb3 Nd3 29. Ke2 Nb4 30. f4 Kf8 31. Kf3 Nfd5 32. Bc4 Ke7 33. Bb3 f5 0-1